Guess the Footballers by their Career Paths #1 - Statistics

General Stats
  • This quiz has been taken 440 times
  • The average score is 7 of 10
Answer Stats
Players Clubs % Correct
Luis Suárez
90%
David Beckham
89%
Ronaldo
81%
Luis Figo
78%
Ronaldinho
74%
Diego Maradona
69%
Zinedine Zidane
64%
Johan Cruyff
63%
Franz Beckenbauer
43%
Roberto Baggio
29%
No matching quizzes found
Score Distribution
Percent of People with Each Score
Percentile by Number Answered
Your Score History
You have not taken this quiz